| 000 | 00659nam a2200229Ia 4500 | ||
|---|---|---|---|
| 008 | 191119s9999 xx 000 0 und d | ||
| 020 | _a978-971-98-0419-2 | ||
| 050 | _aFIL TX 911.3 | ||
| 050 | _b.M27P47 2016 | ||
| 100 | _aPerdigon, Grace P. | ||
| 245 | 0 | _aFoodservice management in the Philippines / | |
| 245 | 0 | _cGrace P. Perdigon. | |
| 250 | _a2nd Edition | ||
| 260 | _aPhilippines : | ||
| 260 | _bC&E Publishing, | ||
| 260 | _c2016 | ||
| 300 | _a211 pages : | ||
| 300 | _billustrations (some colored) ; | ||
| 300 | _c26 cm. | ||
| 500 | _aIncludes bibliographic references and index. | ||
| 650 | _aFood service management -- Philippines. | ||
| 999 |
_c363082 _d363082 |
||